| 000 | 00503nmm a22001697a 4500 | ||
|---|---|---|---|
| 005 | 20170210133932.0 | ||
| 008 | 150728b xxu||||| |||| 00| 0 spa d | ||
| 041 | _aspa | ||
| 082 | _aMD 162 | ||
| 100 |
_aCalderón Brenes, Monica _911094 |
||
| 245 | _aInforme de Práctica Supervisada realizado en la Clínica Especialidades Odontológicas Dr. Juan Carlos Coto | ||
| 260 | _c2012 | ||
| 650 |
_aCOSTA RICA _939583 |
||
| 650 |
_aMECÁNICA DENTAL _939584 |
||
| 650 |
_aAPARATOS FIJOS _93747 |
||
| 942 | _cIP | ||
| 999 |
_c6855 _d6855 |
||